000 01575nam a2200373 a 4500
001 ebr10001773
003 CaPaEBR
006 m u
007 cr cn|||||||||
008 001025s2000 nyu sb 001 0 eng d
010 _z 00710313
020 _z0801436613
040 _aCaPaEBR
_cCaPaEBR
035 _a(OCoLC)70767624
050 1 4 _aBR844
_b.M65 2000eb
082 0 4 _a248.2/9
_221
100 1 _aMoreira, Isabel.
245 1 0 _aDreams, visions, and spiritual authority in Merovingian Gaul
_h[electronic resource] /
_cIsabel Moreira.
260 _aIthaca :
_bCornell University Press,
_c2000.
300 _axii, 262 p.
504 _aIncludes bibliographical references (p. 237-258) and index.
533 _aElectronic reproduction.
_bPalo Alto, Calif. :
_cebrary,
_d2013.
_nAvailable via World Wide Web.
_nAccess may be limited to ebrary affiliated libraries.
650 0 _aMerovingians
_xReligion.
650 0 _aDreams
_xReligious aspects
_xChristianity
_xHistory of doctrines
_yEarly church, ca. 30-600.
650 0 _aDreams
_xReligious aspects
_xChristianity
_xHistory of doctrines
_yMiddle Ages, 600-1500.
650 0 _aChurch history
_yPrimitive and early church, ca. 30-600.
650 0 _aChurch history
_yMiddle Ages, 600-1500.
650 0 _aChristian hagiography
_xHistory.
650 0 _aVisions
_xHistory.
651 0 _aGaul
_xChurch history.
655 7 _aElectronic books.
_2local
710 2 _aebrary, Inc.
856 4 0 _uhttp://site.ebrary.com/lib/rucke/Doc?id=10001773
_zAn electronic book accessible through the World Wide Web; click to view
999 _c19609
_d19609